书目信息 |
| 题名: |
工程训练通识教程
|
|
| 作者: | 周卫民 编著 | |
| 分册: | ||
| 出版信息: | 北京 科学出版社 2013.08 |
|
| 页数: | 254页 | |
| 开本: | 26cm | |
| 丛书名: | 普通高等院校工程实践系列规划教材 | |
| 单 册: | ||
| 中图分类: | TH16 | |
| 科图分类: | ||
| 主题词: | 机械制造工艺--高等学校--教材 | |
| 电子资源: | ||
| ISBN: | 978-7-03-038260-3 | |
| 000 | 01091nam0 2200265 450 | |
| 001 | 672 | |
| 001 | 01CN08645517@CSLN | |
| 005 | 20160908110742.96 | |
| 010 | @a978-7-03-038260-3@dCNY36.00 | |
| 100 | @a20130903d2013 em y0chiy50 ea | |
| 101 | 0 | @achi |
| 102 | @aCN@b110000 | |
| 105 | @aa z 000yy | |
| 200 | 1 | @a工程训练通识教程@9gong cheng xun lian tong shi jiao cheng@f周卫民编著 |
| 210 | @a北京@c科学出版社@d2013.08 | |
| 215 | @a254页@c图@d26cm | |
| 225 | 2 | @a普通高等院校工程实践系列规划教材@9pu tong gao deng yuan xiao gong cheng shi jian xi lie gui hua jiao cai |
| 330 | @a本书主要面向不同学科背景学生进行机械通识教育的工程实践教学参考书。以现代工程实践教学理念为导向,结合浙江科技学院工程实践教学特点而编写的。以了解常规机械制造为重点,简明、通俗地阐述了工业生产、机械制造的相关知识及机械制造的各类加工方法。 | |
| 333 | @a工程专业本、专科 | |
| 461 | 0 | @12001 @a普通高等院校工程实践系列规划教材 |
| 606 | 0 | @a机械制造工艺@x高等学校@j教材 |
| 690 | @aTH16@v4 | |
| 701 | 0 | @a周卫民@9zhou wei min@4编著 |
| 801 | 0 | @aCN@b唐山师范学院图书馆@c20160723 |
| 905 | @aZUCC@dTH16@e22 | |
| 工程训练通识教程/周卫民编著.-北京:科学出版社,2013.08 |
| 254页:图;26cm.-(普通高等院校工程实践系列规划教材) |
| 使用对象:工程专业本、专科 |
| ISBN 978-7-03-038260-3:CNY36.00 |
| 本书主要面向不同学科背景学生进行机械通识教育的工程实践教学参考书。以现代工程实践教学理念为导向,结合浙江科技学院工程实践教学特点而编写的。以了解常规机械制造为重点,简明、通俗地阐述了工业生产、机械制造的相关知识及机械制造的各类加工方法。 |
| ● |
| 相关链接 |
|
|
|
|
正题名:工程训练通识教程
索取号:TH16/22
 
预约/预借
| 序号 | 登录号 | 条形码 | 馆藏地/架位号 | 状态 | 备注 |
| 1 | 902940 | 209029406 | 第二样本阅览室/ [索取号:TH16/22] | 在馆 | |
| 2 | 902941 | 209029415 | 第三借阅区/ [索取号:TH16/22] | 在馆 | |
| 3 | 902942 | 209029424 | 第三借阅区/ [索取号:TH16/22] | 在馆 | |
| 4 | 902943 | 209029433 | 第三借阅区/ [索取号:TH16/22] | 在馆 | |
| 5 | 902944 | 209029442 | 第三借阅区/ [索取号:TH16/22] | 在馆 |